00344 a2200109 4500001001000000005001700010008004100027245003200068100002500100773009200125999001700217ART_4512120260410162039.0260409a 10aLa economía y el ambiente1 aNarodowski, Patricio0 tRevista de estudios regionales y mercado de trabajog- Nº 7 (ene./dic. 2011)wREV44894 c34680d34680